| 000 | 00540 a2200181 4500 | ||
|---|---|---|---|
| 008 | 110505t xxu||||| |||| 00| 0 eng d | ||
| 050 |
_aHF5549 _b.F86 2009 |
||
| 245 |
_aFundamentals of human resource management _cRaymond A. Noe ... [et al.]. |
||
| 250 | _a3rd.ed. | ||
| 260 |
_bMcGraw hill _c2009 _aBoston |
||
| 300 | _aXxxi,527p. | ||
| 500 | _aincludes bibliographical references and index | ||
| 700 | _aRaymond A. Noe | ||
| 700 | _aJohn R. Hollenbeck | ||
| 700 | _aBarry Gerhart | ||
| 700 | _aPatrick M. wright | ||
| 942 |
_cBK _2lcc |
||
| 999 |
_c38223 _d38223 |
||